000 00956nam a2200181Ii 4500
008 221202s xx 000 0 und d
100 1 _aJackson, Mark,
_eauthor
245 0 _aStress in Post-War Britain
264 _bTaylor & Francis
_c2015
300 _a1 online resource
336 _atext
_btxt
_2rdacontent
337 _acomputer
_bc
_2rdamedia
338 _aonline resource
_bcr
_2rdacarrier
490 _aStudies for the Society for the Social History of Medicine
520 _aIn the years following World War II the health and well-being of the nation was of primary concern to the British government. The essays in this collection examine the relationship between health and stress in post-war Britain through a series of carefully connected case studies.
856 _uhttps://docs.google.com/spreadsheets/d/1yKIrdCPDAG_9c22mwoOIO2DOhtj65Wqa/edit?usp=sharing&ouid=106555315294820607512&rtpof=true&sd=true
_yList of Curated E-Books
942 _cE-BOOK
999 _c96822
_d96819